000 00370nam a2200157Ia 4500
008 230524s9999 xx 000 0 und d
082 _a6.13
_bLAT
100 _aB.P.Lathi
245 0 _aLinear Systems and Signals
250 _a2ND
260 _aNEW DELHI
_bOxford
_c2005
300 _aXII;963
500 _aQuantity Number: 2
650 _aElectronics
942 _cBK
999 _c36270
_d36270